| 000 | 00396nam a2200169Ia 4500 | ||
|---|---|---|---|
| 003 | GCL | ||
| 008 | 140319s9999 xx 000 0 eng d | ||
| 040 |
_aGCL / _cGCL |
||
| 082 | 0 | 4 |
_a709.2 _bM M |
| 100 | 1 | _aMANN, CARAL | |
| 245 | 1 | 0 |
_aMODIGLIANI / _cMANN, CARAL |
| 260 |
_a[S.N] : _bTHAMES AND HUDSON ، _c1991 |
||
| 300 | _a216 | ||
| 650 | 0 | 4 | _aART |
| 650 | 0 | 4 | _aBIOGRAPHIES |
| 942 |
_2ddc _cBK |
||
| 999 |
_c17489 _d17489 |
||